000
00252nam a22001097a 4500
999
_c
167515
_d
167515
082
_a
_b
100
_a
Anita
245
_a
Samay sargam jeevan ki sur dhani/
_c
by Anita.
260
_a
Mathura:
_b
Jawahar Pustakalaya,
_c
2008.
650
_a
942
_c
BK